Catálogo
 En Linea

Ejercicios para equilibristas / (Registro nro. 9393)

Detalles MARC
000 -CABECERA
campo de control de longitud fija 01214cam a2200325 a 4500
001 - NÚMERO DE CONTROL
campo de control 000009633
005 - FECHA Y HORA DE LA ÚLTIMA TRANSACCIÓN
campo de control 20200929161641.0
008 - DATOS DE LONGITUD FIJA--INFORMACIÓN GENERAL
campo de control de longitud fija 850904s1983 sp a b 001 0 spa
020 ## - NÚMERO INTERNACIONAL ESTÁNDAR DEL LIBRO
Número Internacional Estándar del Libro 8486031257
040 ## - FUENTE DE LA CATALOGACIÓN
Centro catalogador/agencia de origen DO-SdBNP
Lengua de catalogación spa
Centro/agencia transcriptor LC
Centro/agencia modificador BNPHU
082 ## - NÚMERO DE LA CLASIFICACIÓN DECIMAL DEWEY
Número de clasificación 862.62
Número de documento/Ítem M433e
049 ## - FONDOS LOCALES (OCLC)
Fondos de biblioteca BNGR
-- LOC
100 1# - ENTRADA PRINCIPAL--NOMBRE DE PERSONA
Nombre de persona Matilla, Luis.
9 (RLIN) 24489
245 10 - MENCIÓN DE TÍTULO
Título Ejercicios para equilibristas /
Mención de responsabilidad, etc. Luis Matilla ; edición Cesar Oliva ; colaboración Francisca Bernal [et al.].
260 ## - PUBLICACIÓN, DISTRIBUCIÓN, ETC.
Lugar de publicación, distribución, etc. Murcia :
Nombre del editor, distribuidor, etc. Catedra de Teatro,
Fecha de publicación, distribución, etc. 1983.
300 ## - DESCRIPCIÓN FÍSICA
Extensión 175 p. :
Otras características físicas il. ;
Dimensiones 22 cm.
490 #4 - MENCIÓN DE SERIE
Mención de serie Los Trabajos de la Catedra de Teatro, Universidad de Murcia
Designación de volumen o secuencia 1
504 ## - NOTA DE BIBLIOGRAFÍA, ETC.
Nota de bibliografía, etc. Bibliografía: p. 63-70.
600 10 - PUNTO DE ACCESO ADICIONAL DE MATERIA--NOMBRE DE PERSONA
Nombre de persona Matilla, Luis
Subdivisión general CRÍTICA E INTERPRETACIÓN
9 (RLIN) 24490
650 #4 - PUNTO DE ACCESO ADICIONAL DE MATERIA--TÉRMINO DE MATERIA
Término de materia o nombre geográfico como elemento de entrada Teatro español
9 (RLIN) 3071
650 #4 - PUNTO DE ACCESO ADICIONAL DE MATERIA--TÉRMINO DE MATERIA
Término de materia o nombre geográfico como elemento de entrada Literatura española
9 (RLIN) 632
700 1# - PUNTO DE ACCESO ADICIONAL--NOMBRE DE PERSONA
Nombre de persona Oliva, César,
Término indicativo de función/relación ed.
9 (RLIN) 24491
700 1# - PUNTO DE ACCESO ADICIONAL--NOMBRE DE PERSONA
Nombre de persona Bernal, Francisca.
9 (RLIN) 24492
700 1# - PUNTO DE ACCESO ADICIONAL--NOMBRE DE PERSONA
Nombre de persona López Peláez, Roberto.
9 (RLIN) 24493
700 1# - PUNTO DE ACCESO ADICIONAL--NOMBRE DE PERSONA
Nombre de persona Ops, Andrés.
9 (RLIN) 24494
700 1# - PUNTO DE ACCESO ADICIONAL--NOMBRE DE PERSONA
Nombre de persona Valdivieso, L. Teresa.
9 (RLIN) 3402
740 0# - PUNTO DE ACCESO ADICIONAL--TÍTULO RELACIONADO O ANALÍTICO NO CONTROLADO
Título relacionado o analítico no controlado Ejercicios para equilibristas de Luis Matilla.
830 #4 - PUNTO DE ACCESO ADICIONAL DE SERIE-TÍTULO UNIFORME
Título uniforme Los Trabajos de la Catedra de Teatro, Universidad de Murcia,
Designación de volumen o secuencia 1
9 (RLIN) 24495
910 ## - DATOS DE OPCIÓN DEL USUARIO (OCLC)
Datos de opción del usuario Catalogación por copia / LC
Existencias
Estado de retiro Estado de pérdida Restricciones de uso No para préstamo Código de colección Localización permanente Ubicación/localización actual Ubicación en estantería Fecha de adquisición Número de inventario Total de préstamos Signatura topográfica completa Código de barras Fecha visto por última vez Precio válido a partir de Tipo de ítem Koha
    Préstamo interno   Monografías: Libros y Folletos General General En catalogación 30.09.2009 LF1   862.62 M433e 9633-10 25.06.2020 25.06.2020 Préstamo interno

Con tecnología Koha